000 00299nam a22001337a 4500
008 170926b xxu||||| |||| 00| 0 eng d
020 _a9780321046178
041 _aeng
080 _a37
100 _a46
101 _aEDU
245 _aTHE LONGMAN TEXTBOOK READER
_cSLEDGE.M
942 _2udc
_cBK
999 _c30037
_d30037